El acto de gobierno un analisis en los ordenamientos Francš y Espaǫl /

Bibliographic Details
Main Author: Garrido Cuenca, Nuria
Format: Unknown
Language:Spanish
Published: [Barcelona] : Cedecs, 1998
Subjects:
Online Access:Acceso restringido

MARC

LEADER 00000ny a22000003n 4500
005 20110623173133.0
008 080729s1998 sp s 000 0 spa c
020 |a 8495027208 
035 |a 322 
040 |a UMA.RE  |d vlex 
080 |a 351.95(460+44)(0.034) 
090 |c 1090  |d 1090 
100 1 |a Garrido Cuenca, Nuria 
245 1 3 |a El acto de gobierno  |h [Recurso electrn̤ico]  |b un analisis en los ordenamientos Francš y Espaǫl /  |c Nuria Garrido Cuenca 
256 |a Servicio en ln̕ea 
260 |a [Barcelona] :  |b Cedecs,  |c 1998 
506 1 |a Contenido solo disponible en los productos indicados  |d vLex Global  |d vLex Global (Academic Edition, excluding Law Schools)  |d vLex Global (U.S. Academic Edition, Law Schools)  |d vLex Global (U.S. Academic Edition, excluding Law Schools)  |d vLex Global (Academic Edition, Law Schools) 
650 0 4 |a Actos administrativos  |z Espaą 
650 0 4 |a Actos administrativos  |z Francia 
650 0 4 |a Poder discrecional (Administracin̤)  |z Espaą 
650 0 4 |a Poder discrecional (Administracin̤)  |z Francia 
650 0 4 |a Poder ejecutivo  |z Espaą 
650 0 4 |a Poder ejecutivo  |z Francia 
650 0 4 |a Administrativo 
650 0 4 |a Acto de gobierno 
650 0 4 |a Actos del gobierno 
740 0 |a vLex Libros (Servicios en ln̕ea) 
856 4 0 |u http://vlex.com/source/322  |z Acceso restringido 
942 |c BOOK 
999 0 4 |a Actos administrativos  |z Espaą  |v En ln̕ea 
999 0 4 |a Actos administrativos  |z Francia  |v En ln̕ea 
999 0 4 |a Poder discrecional (Administracin̤)  |z Espaą  |v En ln̕ea 
999 0 4 |a Poder discrecional (Administracin̤)  |z Francia  |v En ln̕ea 
999 0 4 |a Poder ejecutivo  |z Espaą  |v En ln̕ea 
999 0 4 |a Poder ejecutivo  |z Francia  |v En ln̕ea